Statistics for Eurovision 2019

Click here to take the quiz!

General Stats

  • This quiz has been taken 5 times
  • The average score is 31 of 41

Answer Stats

PlaceCountrySingerSong% Correct
Qualified1NetherlandsDuncan LaurenceArcade
100%
Qualified14MaltaMichelaChameleon
100%
Qualified10IcelandHatariHatrið mun sigra
100%
Qualified24BelarusZENALike it
100%
Qualified12DenmarkLeonoraLove is forever
100%
Qualified13CyprusTamtaReplay
100%
Qualified3RussiaSergej LazarevScream
100%
Qualified2ItalyMahmoodSoldi
100%
Qualified6NorwayKEiiNOSpirit in the sky
100%
Qualified9AustraliaKate Miller-HeidkeZero gravity
100%
Not Qualified41IrelandSarah McTernan22
80%
Qualified11Czech RepublicLake MalawiFriend of a friend
80%
Qualified18SerbiaNevena BožovićKruna
80%
Qualified22SpainMikiLa venda
80%
Qualified7North MacedoniaTamara TodevskaProud
80%
Qualified16FranceBilal HassaniRoi
80%
Qualified19San MarinoSerhatSay na na na
80%
Qualified15SloveniaZala Kralj & Gašper ŠantlSebi
80%
Qualified4SwitzerlandLuca HänniShe got me
80%
Qualified25GermanyS!stersSisters
80%
Qualified20EstoniaVictor CroneStorm
80%
Not Qualified35PortugalConan OsírisTelémoveis
80%
Qualified5SwedenJohn LundvikToo late for love
80%
Qualified21GreeceKaterina DushkaBetter Love
60%
Qualified26United KingdomMichael RiceBigger than us
60%
Not Qualified27PolandTuliaFire of love
60%
Not Qualified38MontenegroD molHeaven
60%
Qualified23IsraelKobi MarimiHome
60%
Not Qualified34GeorgiaOto NemsadzeKeep on going
60%
Not Qualified40AustriaPÆNDALimits
60%
Not Qualified39FinlandDarude feat. Sebastian RejmanLook away
60%
Not Qualified31RomaniaEster PeonyOn a sunday
60%
Not Qualified29LithuaniaJurij VeklenkoRun with the lions
60%
Not Qualified30MoldovaAnna OdobescuStay
60%
Not Qualified36LatviaCarouselThat night
60%
Not Qualified33CroatiaRokoThe dream
60%
Qualified8AzerbaijanChingizTruth
60%
Not Qualified32BelgiumEliotWake up
60%
Not Qualified37ArmeniaSrbukWalking out
60%
Not Qualified28HungaryJoci PápaiAz én apám
40%
Qualified17AlbaniaJonida MaliqiKtheju tokës
40%

Score Distribution

Percentile by Number Answered

Percent of People with Each Score

Your Score History

You have not taken this quiz